Loading...
| History - Other | 0 | 5 | 0 | 0 | 50 | 42 | 63.60 | 1 | 5 | 0.00 | 0.00 |
| History - World | 0 | 5 | 0 | 0 | 50 | 35 | 60.00 | 2 | 5 | 0.00 | 0.00 |
| History - American | 0 | 4 | 1 | 0 | 35 | 23 | 57.75 | 2 | 4 | 0.00 | 0.00 |
| Science - Biology | 0 | 3 | 0 | 0 | 30 | 61 | 80.33 | 2 | 3 | 0.00 | 0.00 |
| Social Science | 0 | 3 | 0 | 0 | 30 | 35 | 66.33 | 1 | 3 | 0.00 | 0.00 |
| History - European | 0 | 3 | 3 | 0 | 15 | 49 | 53.67 | 3 | 3 | 0.00 | 0.00 |
| Geography/Current Events | 0 | 2 | 1 | 1 | 15 | 79 | 104.00 | 2 | 2 | 0.00 | 0.00 |
| Literature - British | 0 | 1 | 0 | 1 | 10 | 147 | 147.00 | 0 | 1 | 0.00 | 0.00 |
| Fine Arts - Classical Music | 0 | 1 | 0 | 0 | 10 | 115 | 115.00 | 0 | 1 | 0.00 | 0.00 |
| Mythology | 0 | 1 | 0 | 0 | 10 | 92 | 92.00 | 0 | 1 | 0.00 | 0.00 |
| Other Academic | 0 | 1 | 0 | 1 | 10 | 117 | 117.00 | 0 | 1 | 0.00 | 0.00 |
| Religion | 0 | 1 | 1 | 0 | 5 | 76 | 76.00 | 0 | 1 | 0.00 | 0.00 |
| Philosophy | 0 | 1 | 1 | 0 | 5 | 68 | 68.00 | 1 | 1 | 0.00 | 0.00 |